Ôn tập lý thuyết hóa vô cơ: Ôn thi tú tài và tuyển sinh đại học
v.v...
Đã lưu trong:
| Tác giả chính: | |
|---|---|
| Định dạng: | Sách |
| Năm xuất bản: |
Đồng Nai
Nxb Đồng Nai
1999
|
| Chủ đề: | |
| Tags: |
Thêm thẻ
Không có thẻ, Hãy là người đầu tiên gắn thẻ bản ghi này!
|
| LEADER | 00697nam a2200181 4500 | ||
|---|---|---|---|
| 082 | |a 546.076 |b PH104Đ | ||
| 100 | |a Phạm Đức Bình | ||
| 245 | |a Ôn tập lý thuyết hóa vô cơ: Ôn thi tú tài và tuyển sinh đại học |c Phạm Đức Bình | ||
| 260 | |a Đồng Nai |b Nxb Đồng Nai |c 1999 | ||
| 300 | |a 399 tr |c 21 cm | ||
| 520 | |a v.v... | ||
| 653 | |a Hóa học | ||
| 653 | |a Hóa vô cơ | ||
| 653 | |a Ôn tập | ||
| 653 | |a Sách luyện thi | ||
| 942 | |2 ddc |c SH | ||
| 999 | |c 7167 |d 7167 | ||
| 952 | |0 0 |1 0 |2 ddc |4 0 |6 546_076000000000000_PH104Đ |7 0 |8 500 |9 66506 |a qbu |b qbu |c D3 |d 2015-01-28 |g 24000 |l 2 |m 1 |o 546.076 PH104Đ |p 7087.c1 |r 2017-10-24 |s 2017-10-18 |w 2015-01-28 |y SH |0 0 |6 546_076000000000000_PH104Đ | ||